[Event "CPV Cup"]
[Site "Ribeira Brava"]
[Date "2025.05.04"]
[Round "3.3"]
[White "Lopes, Ruben Cesar Gomes"]
[Black "Silva, Bryan Jorge"]
[Result "1/2-1/2"]
[WhiteElo "1667"]
[BlackElo "1787"]
[PlyCount "106"]
[EventDate "2025.05.01"]
[EventType "k.o."]
[EventRounds "3"]
[EventCountry "KAP"]
[SourceTitle "CB19_2025"]
[SourceDate "2025.05.07"]
[SourceVersion "1"]
[SourceVersionDate "2025.05.07"]
[SourceQuality "1"]

1. d4 g6 2. Bf4 Bg7 3. e3 Nf6 4. Nc3 b6 5. Nf3 Bb7 6. Be2 d6 7. Qd3 a6 8. h3 Nc6 9. a3 0-0 10. e4 Nd7 11. Be3 Re8 12. h4 e5 13. d5 Ne7 14. h5 Nc5 15. Qd2 c6 16. hxg6 Nxg6 17. Bh6 Qf6 18. Bg5 Bh6 19. Bxf6 Bxd2+ 20. Kxd2 cxd5 21. exd5 Nf4 22. Rh2 Nxd5 23. Rh6 Nxc3 24. bxc3 Re6 25. Ng5 Rxf6 26. Rxf6 Kg7 27. Rxd6 h6 28. Rxb6 hxg5 29. Ke3 f6 30. Rxb7+ Nxb7 31. Bf3 Ra7 32. Rb1 Nd6 33. Be2 Rc7 34. Rb3 a5 35. Kd3 Kf7 36. g4 Ke6 37. Bf3 Ke7 38. Bd5 Rc5 39. c4 Kd7 40. Rb8 Ke7 41. Ra8 Kd7 42. Ra7+ Ke8 43. Ra6 Ke7 44. c3 Kd7 45. Kc2 Nxc4 46. Bxc4 Rxc4 47. Rxf6 Rxg4 48. f3 Rf4 49. Rxf4 exf4 50. Kd3 Kd6 51. Kd4 Kc6 52. Kc4 a4 53. Kd4 Kc7 1/2-1/2

[Event "CPV Cup"]
[Site "Ribeira Brava"]
[Date "2025.05.02"]
[Round "2.2"]
[White "Vaz, Jose Carlos"]
[Black "Silva, Bryan Jorge"]
[Result "1-0"]
[WhiteElo "1951"]
[BlackElo "1787"]
[PlyCount "105"]
[EventDate "2025.05.01"]
[EventType "k.o."]
[EventRounds "3"]
[EventCountry "KAP"]
[SourceTitle "CB19_2025"]
[SourceDate "2025.05.07"]
[SourceVersion "1"]
[SourceVersionDate "2025.05.07"]
[SourceQuality "1"]

1. e4 e5 2. Nf3 Nf6 3. d3 d6 4. g3 g6 5. Bg2 Bg7 6. 0-0 0-0 7. Re1 Re8 8. h3 Nbd7 9. c3 c6 10. Be3 d5 11. Qc2 Qc7 12. Nbd2 dxe4 13. dxe4 b6 14. Rad1 Ba6 15. c4 c5 16. Nb1 Bb7 17. Nc3 a6 18. Nd5 Nxd5 19. exd5 Qd6 20. Nd2 Nf6 21. g4 h6 22. Nf1 Rad8 23. Ng3 Bc8 24. g5 hxg5 25. Bxg5 Rf8 26. Ne4 Bf5 27. Qc1 Bxe4 28. Bxe4 Rd7 29. Bg2 Re8 30. Re2 Nh7 31. Bh4 Bf6 32. Bg3 Rde7 33. Rde1 Bg5 34. Qc2 Bf4 35. Bxf4 exf4 36. Rxe7 Rxe7 37. Rxe7 Qxe7 38. Qb3 Qe1+ 39. Bf1 Ng5 40. h4 Ne4 41. Qf3 Nd2 42. Qd3 Ne4 43. Qe2 Qxe2 44. Bxe2 Nd2 45. f3 Kg7 46. Kf2 f5 47. Ke1 Ne4 48. fxe4 fxe4 49. Kf2 Kf6 50. Bd1 Ke5 51. Bc2 e3+ 52. Kf3 b5 53. b3 1-0